000 00435nam a2200181Ia 4500
001 16703
005 20260306170330.0
008 260306t1992||||xx |||||||||||||| ||und||
041 _aESP
082 _a349.6
_bL46 T. 1
100 _aLeón Pinelo, Antonio de
_eAUT
245 0 _aRecopilación de las Indias
260 _c1992
300 _a1026 páginas :
_c27 cm.
650 _aGEN
654 _aCDE
942 _cLIB
_dJUS
_fJUS
_2ddc
_n
999 _c16703
_d16703